<?xml version="1.0" encoding="UTF-8"?><?xml-stylesheet type="text/xsl" href="static/style.xsl"?><OAI-PMH xmlns="http://www.openarchives.org/OAI/2.0/" xmlns:xsi="http://www.w3.org/2001/XMLSchema-instance" xsi:schemaLocation="http://www.openarchives.org/OAI/2.0/ http://www.openarchives.org/OAI/2.0/OAI-PMH.xsd"><responseDate>2026-06-03T18:11:48Z</responseDate><request verb="GetRecord" identifier="oai:riuma.uma.es:10630/9146" metadataPrefix="marc">https://riuma.uma.es/rest/oai/request</request><GetRecord><record><header><identifier>oai:riuma.uma.es:10630/9146</identifier><datestamp>2026-02-03T12:51:48Z</datestamp><setSpec>com_10630_5701</setSpec><setSpec>com_10630_3139</setSpec><setSpec>com_10630_10</setSpec><setSpec>col_10630_8862</setSpec></header><metadata><record xmlns="http://www.loc.gov/MARC21/slim" xmlns:dcterms="http://purl.org/dc/terms/" xmlns:doc="http://www.lyncode.com/xoai" xmlns:xsi="http://www.w3.org/2001/XMLSchema-instance" xsi:schemaLocation="http://www.loc.gov/MARC21/slim http://www.loc.gov/standards/marcxml/schema/MARC21slim.xsd">
   <leader>00925njm 22002777a 4500</leader>
   <datafield ind2=" " ind1=" " tag="042">
      <subfield code="a">dc</subfield>
   </datafield>
   <datafield ind2=" " ind1=" " tag="720">
      <subfield code="a">Rubio Díaz, Alfredo</subfield>
      <subfield code="e">author</subfield>
   </datafield>
   <datafield ind2=" " ind1=" " tag="260">
      <subfield code="c">1989</subfield>
   </datafield>
   <datafield ind2=" " ind1=" " tag="520">
      <subfield code="a">El presente artículo es el resultado inicial de un proyecto de investigación que tiene como objeto determinar el grado de contradicción existente entre los discursos teóricos y "técnicos" acerca de la ciudad y las prácticas sociales. En concreto mediante una serie de encuestas, como un primer paso para el conocimiento de las prácticas espaciales sociales, se ha comenzado a analizar el uso del espacio urbano; en concreto, determinadas zonas del C.H. de la ciudad de Málaga, por sectores juveniles, llegándose a una doble conclusión: tales movimientos obedecen a una fenomenología que se inscribe en la moda y, además, generan importantes impactos en el medio urbano.</subfield>
   </datafield>
   <datafield ind1="8" ind2=" " tag="024">
      <subfield code="a">Baetica 12, 1989, p. 83-108</subfield>
   </datafield>
   <datafield ind1="8" ind2=" " tag="024">
      <subfield code="a">0212-5099</subfield>
   </datafield>
   <datafield ind1="8" ind2=" " tag="024">
      <subfield code="a">http://hdl.handle.net/10630/9146</subfield>
   </datafield>
   <datafield tag="653" ind2=" " ind1=" ">
      <subfield code="a">Urbanismo - Málaga</subfield>
   </datafield>
   <datafield ind2="0" ind1="0" tag="245">
      <subfield code="a">Teoría y práctica de la ciudad contemporánea I: Geografía de los espacios de la interacción juvenil: una aproximación</subfield>
   </datafield>
</record>
</metadata></record></GetRecord></OAI-PMH>